Lo Social y lo económico en la empresa agrícola : conferencia pronunciada el 21 de enero de 1960, en el Salón de Actos del Fomento del Trabajo Nacional / por Ricardo Torres Sánchez conferencia pronunciada el 21 de enero de 1960, en el Salón de Actos del Fomento del Trabajo Nacional / por Ricardo Torres Sánchez
Descripción Física:
30 p. ; 22 cm
MARC
| LEADER | 00000nam a2200000Ia 4500 | ||
|---|---|---|---|
| 001 | 15064 | ||
| 008 | 160829s1960 xx 000 0 cat d | ||
| 080 | |a FU-33-64 | ||
| 100 | |a Torres Sánchez, Ricardo |9 25338 | ||
| 245 | |a Lo Social y lo económico en la empresa agrícola : |b conferencia pronunciada el 21 de enero de 1960, en el Salón de Actos del Fomento del Trabajo Nacional / por Ricardo Torres Sánchez | ||
| 260 | |a Barcelona : |b Academia de Ciencias Económicas y Financieras de Barcelona, |c 1960 | ||
| 300 | |a 30 p. ; |c 22 cm | ||
| 650 | |a Agricultura |x Aspectes socials |9 25339 | ||
| 650 | |a Agricultura |x Aspectes econòmics |9 24209 | ||
| 710 | 2 | |a Real Academia de Ciencias Económicas y Financieras de Barcelona |9 54900 | |
| 901 | |a Arxiu | ||
| 942 | |n 1 | ||
| 952 | |0 0 |1 0 |4 0 |6 FU3364 |7 1 |9 43567 |a Arxiu |b Arxiu |d 2016-12-01 |l 0 |o FU-33-64 |p 15064 |r 2016-12-01 00:00:00 |w 2016-12-01 |y ARXIU | ||
| 999 | |c 46114 |d 46114 | ||